Berühmte Deutsche - Bild Quiz #3 - Statistiken

Allgemein
  • Dieses Quiz wurde 495 mal gespielt
  • Das Durchschnittsergebnis liegt bei 9 aus 16
Antwortstatistiken
Bildquiz Antwort % Korrekt
Heidi Klum
93%
Boris Becker
92%
Martin Luther
86%
Oliver Kahn
85%
Helmut Kohl
83%
Sebastian Vettel
80%
Steffi Graf
78%
Nina Hagen
75%
Jürgen Klinsmann
66%
Klaus Kinski
63%
Angelique Kerber
35%
Diane Kruger
28%
Annemarie Eilfeld
18%
Klaus Maine
18%
Wim Wenders
15%
Claudia Nystad
2%
Keine übereinstimmenden Quizze gefunden
Verteilung der Resultate
Anzahl Personen mit jedem Resultat
Perzentil nach korrekt beantworteten Fragen
Ihre Resultats-Entwicklung
Sie haben dieses Quiz noch nicht gespielt